|
|
|
|
| LEADER |
00000nab a2200000uu 4500 |
| 001 |
vtls011498850 |
| 003 |
SK-MaSNL |
| 005 |
20260303155055.0 |
| 008 |
230222|2013 xo |||||||||||||||||slo| |
| 015 |
|
|
|a SNBRB
|
| 035 |
|
|
|a (urnnbn)urn:nbn:sk:snk:ar-a0a6ya
|
| 035 |
|
|
|a (uuid)6a045afa-0a22-4153-b89a-5bf6f32ed691
|
| 035 |
|
|
|a urn:nbn:sk:snk-abdtso
|
| 040 |
|
|
|a SNKBUCL
|b slo
|c SNKBUCL
|e AACR2
|
| 041 |
0 |
|
|a slo
|
| 044 |
|
|
|a xo
|c SK
|
| 100 |
1 |
|
|a Bošová, Daniela
|4 aut
|9 1178310
|
| 245 |
1 |
0 |
|a Svetlovod v strešnej konštrukcii v horskej oblasti
|c Daniela Bošová, Lenka Janečková
|
| 700 |
1 |
|
|a Janečková, Lenka
|4 aut
|9 1178311
|
| 773 |
0 |
|
|t Stavebné materiály : technológie, výrobky, konštrukcie
|g Roč. 9, č. 4 (2013), s. 20-21
|
| 954 |
|
|
|a odborná, vedecká literatúra pôvodná (slovenská)
|2 lita
|
| 958 |
|
|
|a OND
|
| 958 |
|
|
|a EUIPO
|
| 958 |
|
|
|a article20
|
| 999 |
|
|
|c 2038521
|d 2040451
|